000
00286nam a22001217a 4500
008
170529b xxu||||| |||| 00| 0 eng d
041
_a
eng
080
_a
62
100
_a
25
101
_a
IM
245
_a
WISSENCHAFTLICHE FORCHUNG UND ELEKTRONISCHE
_c
SCHULZE.W
942
_2
udc
_c
BK
999
_c
14794
_d
14794